| 000 | 00497nam a2200121Ia 4500 | ||
|---|---|---|---|
| 008 | 220216s9999 xx 000 0 und d | ||
| 100 | _aRatanawong Ratchance | ||
| 245 | 0 | _aRubber clone improvement in the upper Northeast of Thailand | |
| 260 | _bProceedings of IRRDB Conference: NR Industry: Responding to Globalization, 7-8 September 2004, Kunming International Convention & Exhibition Center, China. pp.30-32. | ||
| 650 | _aRubber clone improvement | ||
| 700 | _aLekawipat Napawan | ||
| 942 | _cJS | ||
| 999 |
_c67517 _d67517 |
||